Films avec Artus par image - Statistiques

Statistiques générales
  • Ce quiz a été pris 24 fois
  • Le résultat moyen est 4 sur 16
Statistiques - réponses
Par images Réponse % Correct
Un p'tit truc en plus
100%
Pourris gâtés
40%
Brutus vs César
35%
Veuillez nous excuser pour la gêne occasionnée
25%
Chien 51
20%
J'adore ce que vous faites
20%
Menteur
20%
38°5 quai des orfèvres
15%
La Pampa
15%
Apaches
10%
Bernadette
10%
King
10%
Le Sens de la famille
10%
Si on chantait
10%
Un homme heureux
10%
Les Goûts et les Couleurs
5%
Aucun quiz correspondant
Distribution des résultats
% des personnes avec chaque résultat
Percentile par nombre de réponses
Votre historique - résultats
Vous n’avez pas pris ce quiz